Διαδικτυακή παρουσίαση του Αρχαιολογικού Μουσείου Θεσσαλονίκης : εικονική περιήγηση στις εκθέσεις «Θεσσαλονίκη, Μακεδονίας Μητρόπολις», «Ο Χρυσός των Μακεδόνων», «Η Μαγεία του Κεχριμπαριού» και «Μακεδονίας Νόμισμα» : μεταπτυχιακή διατριβή. Μαρκέλλα-Ελπίδα Τσίχλα

Αποθηκεύτηκε σε:
Λεπτομέρειες βιβλιογραφικής εγγραφής
Κύριος συγγραφέας: Τσίχλα, Μαρκέλλα-Ελπίδα
Συγγραφή απο Οργανισμό/Αρχή: Πανεπιστήμιο Αιγαίου. Σχολή Κοινωνικών Επιστημών. Τμήμα Πολιτισμικής Τεχνολογίας και Επικοινωνίας. Πρόγραμμα Μεταπτυχιακών Σπουδών Πολιτισμική Πληροφορική και Επικοινωνία
Άλλοι συγγραφείς: Αναγνωστόπουλος, Χρήστος (Εισηγητής διατριβής), Σαμπανίκου, Εύη Δημ., 1965- (Εισηγητής διατριβής)
Μορφή: Thesis Βιβλίο
Γλώσσα:Greek
Δημοσίευση: 2010
Θέματα:
Διαθέσιμο Online:http://hdl.handle.net/11610/16130
Ετικέτες: Προσθήκη ετικέτας
Δεν υπάρχουν, Καταχωρήστε ετικέτα πρώτοι!

MARC

LEADER 00000cam a2200000 i 4500
001 1/9880
008 100729s2010 gre d
035 |l 10108806 
040 |a GR-MY-UA  |b gre  |e aacr 
041 0 |a gre 
082 0 |a 069.5  |2 (22) 
100 1 |a Τσίχλα, Μαρκέλλα-Ελπίδα. 
245 1 0 |a Διαδικτυακή παρουσίαση του Αρχαιολογικού Μουσείου Θεσσαλονίκης :  |b εικονική περιήγηση στις εκθέσεις «Θεσσαλονίκη, Μακεδονίας Μητρόπολις», «Ο Χρυσός των Μακεδόνων», «Η Μαγεία του Κεχριμπαριού» και «Μακεδονίας Νόμισμα» : μεταπτυχιακή διατριβή. Μαρκέλλα-Ελπίδα Τσίχλα / επιβλέπων καθηγητής: Χ. Αναγνωστόπουλος, συνεβλέπουσα καθηγήτρια: Σαμπανίκου Εύη 
260 |c 2010 
300 |a 131 σ.;  |b εικ.;  |c 30 εκ. 
500 |a Βιβλιογραφία: σ. 123-131 
502 |a Διατριβή (μεταπτυχιακή) – Πανεπιστήμιο Αιγαίου, Λέσβος, 2010. 
610 2 0 |a Αρχαιολογικό Μουσείο Θεσσαλονίκης. 
650 0 0 |a Virtual museums. 
650 0 0 |a Web sites  |x Design  |x Case studies. 
650 0 0 |a Museums  |x Computer network resources. 
650 0 |a Archaeological museums and collections   |z Greece  |z Thessalonike. 
650 0 0 |a Dissertations, Academic  |z Greece. 
700 1 |a Αναγνωστόπουλος, Χρήστος.  |4 ths 
700 1 |4 ths  |a Σαμπανίκου, Εύη Δημ.,   |d 1965- 
710 2 |a Πανεπιστήμιο Αιγαίου.   |b Σχολή Κοινωνικών Επιστημών.   |b Τμήμα Πολιτισμικής Τεχνολογίας και Επικοινωνίας.   |b Πρόγραμμα Μεταπτυχιακών Σπουδών Πολιτισμική Πληροφορική και Επικοινωνία. 
852 |a INST  |b LESVOS  |c DIATR  |e 20100729  |h 309  |p 005100048411  |q 005100048411  |t MTXE  |y 23 
852 |a INST  |b LESVOS  |c DIATR  |e 20100729  |h 310  |p 005100048412  |q 005100048412  |t MTXE  |y 23 
856 |u http://hdl.handle.net/11610/16130 
901 |a BIBL1-2010-2 
909 |a Λ  |b 165297 
909 |a Λ  |b 165298 
924 |a ΤΣΙΧΛΑ  |b ΜΑΡΚΕΛΛΑ-ΕΛΠΙΔΑ  |y ΛΕΣΒΟΣ  |z 2010-05 
970 |a ΤΖΑΦΕΡΗ  |b ΕΥΑΓΓΕΛΙΑ  |z 2010/07/29